000 00470pab a2200181 454500
008 180718b1991 xxu||||| |||| 00| 0 eng d
100 _aSrivastava, G.P.
245 _aCurbing booth-capturing and election-rigging in India
260 _c1991
300 _ap.475-484.
362 _aJul-Sep
650 _aRigging - India
650 _aElections - India
650 _aElections
773 _aIndian Journal of Public Administration
908 _aN
909 _a89028
999 _c89028
_d89028